00731nam a2200205 a 450000100060000000300090000600800410001502000150005604000280007108200160009910000460011524500430016126000320020430000080023649000310024450501770027565000190045265000300047165000240050121264CO-ViMGA141112s2004 ck r 000 u spa d a8434227983 aCO-ViMGAbspacCO-ViMGA04a745.2 J754d1 aJulián, Fernando; Albarracín, Jesús10aDibujo para diseñadores industriales aBarcelona; Panamá, c2005 a191 aAula de dibujo profesional aLos primeros trazos, prácticas básicas 40 - - Las primeras ideas o el proceso creativo 80 - - La descripción del objeto y su contexto 134 - - el estudio tecnico 162 14aDIBUJO TECNICO14aDIBUJO TECNICO INDUSTRIAL14aDISEÑO INDUSTRIAL